American soccer players scoring during the World Cup - Statistics

General Stats
  • This quiz has been taken 299 times
    178 since last reset
  • The average score is 6 of 25
Answer Stats
Goals Year(s) Player % Correct
5 2002, 2010 Landon Donovan
88%
4 2006, 2010, 2014 Clint Dempsey
84%
1 2022 Christian Pulisic
83%
1 2022 Timothy Weah
60%
1 2014 Jermaine Jones
44%
1 2010 Michael Bradley
36%
3 1998, 2002 Brian McBride
30%
1 2022 Haji Wright
26%
1 2014 Julian Green
25%
1 2014 John Brooks
22%
1 1994 Eric Wynalda
20%
1 1994 Earnie Stewart
16%
1 1950 Joe Gaetjens
13%
1 1990 Paul Caligiuri
12%
1 2002 Clint Mathis
11%
1 2002 John O'Brien
11%
4 1930 Bertram Patenaude
10%
1 1990 Bruce Murray
9%
1 1930 Jim Brown
7%
1 1934 Aldo Donelli
6%
1 1930 Bartholomew McGhee
6%
1 1950 Gino Pariani
6%
1 1930 Tom Florie
6%
1 1950 Frank Wallace
4%
1 1950 Joseph Maca
4%
No matching quizzes found
Score Distribution
Percent of People with Each Score
Percentile by Number Answered
Your Score History
You have not taken this quiz since the last reset